STN EN 716-2: 2008 (91 1019) [neplatná], Nábytok. Detské postieľky a skladacie detské postieľky do bytových priestorov Časť 2 Skúšobné metódy
Táto norma je slovenskou verziou európskej normy EN 716-2: 2008. Preklad zabezpečil Slovenský ústav technickej normalizácie. Má rovnaké postavenie ako majú oficiálne verzie
| Corporate Author: | |
|---|---|
| Other Authors: | |
| Format: | Book |
| Language: | Slovak English |
| PhysicalDescription: | 32 s. obr., tab. 30 cm |
| Published: |
Bratislava
Slovenský ústav technickej normalizácie
2008
|
| Subjects: |
MARC
| LEADER | 00000cam a2200000 a 4500 | ||
|---|---|---|---|
| 001 | vtls009835456 | ||
| 003 | SK-MaSNL | ||
| 005 | 20260301171719.0 | ||
| 008 | 130117s2008 xo a f u 000 0 slo | ||
| 015 | |a SNBN2011/01-00412 | ||
| 020 | |c (cen. skup. 13) | ||
| 035 | |a (SVKBBclas03)vtls000298800 | ||
| 040 | |a SNK |b slo |c SNK |e AACR2 | ||
| 041 | 1 | |a slo |h eng | |
| 044 | |a xo |c SK | ||
| 046 | |a m |m 20081001 (účin.) |n 20130601 (zruš.) | ||
| 072 | 7 | |a 645 |x Nábytok |2 konspekt | |
| 080 | |a 645.422 |2 2001 | ||
| 080 | |a 006.7/.8 |2 2001 | ||
| 080 | |a (437.6) |2 2001 | ||
| 080 | |a (4) |2 2001 | ||
| 084 | |a 97.140 |2 ICS | ||
| 084 | |a 97.190 |2 ICS | ||
| 130 | 0 | |a STN 91 1019 (STN EN 716-2) [neplatná] |9 477261 | |
| 245 | 1 | 0 | |a STN EN 716-2: 2008 (91 1019) [neplatná], Nábytok. Detské postieľky a skladacie detské postieľky do bytových priestorov |n Časť 2 |p Skúšobné metódy |
| 246 | 1 | 0 | |a Nábytok |
| 246 | 1 | 0 | |a Detské postieľky a skladacie detské postieľky do bytových priestorov |
| 246 | 3 | 0 | |a EN 716-2: 2008 E |
| 246 | 1 | 0 | |a Skúšobné metódy |
| 260 | |a Bratislava |b Slovenský ústav technickej normalizácie |c 2008 | ||
| 300 | |a 32 s. |b obr., tab. |c 30 cm | ||
| 500 | |a Táto norma nahrádza STN EN 716-2 z novembra 2001 v celom rozsahu | ||
| 500 | |a Súbežný názov v angličtine, francúzštine, nemčine | ||
| 500 | |a Spracovateľ Drevárska fakulta Technická univerzita, Zvolen, Anna Šúriková | ||
| 500 | |a Norma je nahradená normou STN EN 716-2 + A1 z júna 2013 v celom rozsahu | ||
| 520 | 8 | |a Táto norma je slovenskou verziou európskej normy EN 716-2: 2008. Preklad zabezpečil Slovenský ústav technickej normalizácie. Má rovnaké postavenie ako majú oficiálne verzie | |
| 540 | |a STN vydané na akomkoľvek nosiči sa môžu rozmnožovať a rozširovať iba so súhlasom určenej právnickej osoby |b SÚTN Bratislava |c zákon 264/1999 Z.z. | ||
| 650 | 0 | 7 | |a detské postieľky |2 SVKBBPH |9 321750 |
| 650 | 0 | 7 | |a technické normy a štandardy |z Slovensko |2 SVKBBPH |9 79594 |
| 650 | 0 | 7 | |a technické normy a štandardy |z krajiny Európskej únie |2 SVKBBPH |9 289341 |
| 655 | 7 | |a normy |2 SVKBBPH |9 70643 | |
| 700 | 1 | |a Šúriková, Anna, |d 1945- |4 trl |9 112051 | |
| 710 | 2 | |a Slovenský ústav technickej normalizácie (Bratislava, Slovensko). |b Technická komisia č. 16 Drevárske výrobky |4 stn |9 319023 | |
| 710 | 2 | |a Technická univerzita vo Zvolene. |b Drevárska fakulta |4 trl |9 32731 | |
| 774 | 1 | 8 | |t STN EN 716-2: 2001 |d Bratislava : Slovenský ústav technickej normalizácie, 2001 |w vtls000105595 |
| 774 | 1 | 8 | |t STN EN 716-2 + A1: 2013 |d Bratislava : Slovenský ústav technickej normalizácie, 2013 |w vtls010516753 |
| 958 | |a OP | ||
| 999 | |c 831413 |d 833343 | ||
| 952 | |a SNK |b SNK |y PREZ |7 0 |p 17A0601281 |o snkSTN EN 716-2 |i snk2008/18721 |8 0 |0 0 |1 0 |4 0 |d 2008-10-07 |l 0 |r 2026-02-24 03:38:29 |w 2026-02-24 | ||
| 952 | |a SNK |b SNK |y PREZ |7 0 |p 17A0601282 |o snkSTN EN 716-2 D1 |i snk2008/18722 |8 0 |0 0 |1 0 |4 0 |d 2008-10-07 |l 0 |r 2026-02-24 03:38:29 |w 2026-02-24 | ||


